Liminar: Estudios sociales y humanísticos
Shranjeno v:
| Format: | Knjiga |
|---|---|
| Jezik: | Spanish |
| Izdano: |
México
Centroamérica de la Universidad de Ciencias y Artes de Chiapas
2014
|
| Oznake: |
Označite
Brez oznak, prvi označite!
|
MARC
| LEADER | 00000nam a22000007a 4500 | ||
|---|---|---|---|
| 003 | cru CRAI/IIS | ||
| 005 | 20200114162531.0 | ||
| 008 | 200114b2014 MX ||||| |||| 00| 0 spa d | ||
| 999 | |c 42831 |d 42831 | ||
| 022 | |2 1665-8027 | ||
| 040 | |c cru CRAI/IIS | ||
| 090 | |a 05.02.01 L734l | ||
| 245 | |a Liminar: |b Estudios sociales y humanísticos |c Centro de Estudios Superiores de México y Centroamérica de la Universidad de Ciencias y Artes de Chiapas | ||
| 260 | |a México |b Centroamérica de la Universidad de Ciencias y Artes de Chiapas |c 2014 | ||
| 942 | |2 ddc |c LI | ||
